[Event "Berlin op 05"]
[Site "Berlin"]
[Date "2006.05.28"]
[Round "7"]
[White "Reichenbach, Werner"]
[Black "Neerforth, Philipp"]
[Result "1/2-1/2"]
[WhiteElo "2282"]
[BlackElo "2082"]
[PlyCount "66"]
[EventDate "2006.05.24"]
[EventType "swiss"]
[EventRounds "7"]
[EventCountry "GER"]
[SourceTitle "EXT 2007"]
[Source "ChessBase"]
[SourceDate "2006.11.23"]
[SourceVersion "1"]
[SourceVersionDate "2006.11.23"]
[SourceQuality "1"]

1. d4 Nf6 2. Nf3 g6 3. c4 Bg7 4. Nc3 d5 5. Bg5 c5 6. cxd5 Qa5 7. dxc5 Nxd5 8. Qxd5 Bxc3+ 9. Bd2 Be6 10. Qd3 Bxd2+ 11. Qxd2 Qxd2+ 12. Kxd2 Na6 13. Nd4 Rd8 14. e3 Nxc5 15. Bb5+ Bd7 16. Bxd7+ Rxd7 17. Rhc1 Ne4+ 18. Ke2 0-0 19. f3 Nd6 20. Rc5 Rfd8 21. Rc2 e5 22. Nb3 b6 23. Rac1 Kf8 24. Rc7 Ke7 25. Rxd7+ Kxd7 26. Nd2 f6 27. Rc3 Rc8 28. Rxc8 Kxc8 29. Kd3 Kd7 30. Nc4 b5 31. Nxd6 Kxd6 32. b4 Kd5 33. e4+ Kd6 1/2-1/2